Les pays Champions du Monde de Hockey sur glace de 1920 à 2024 - Statistiques

Statistiques générales
  • Ce quiz a été pris 710 fois
  • Le résultat moyen est 8 sur 10
Statistiques - réponses
Classement Pays Victoire % Correct
1 Canada 28
100%
8 Etats-unis 2
99%
6 Russie 5
96%
3 Suède 11
96%
7 Finlande 4
95%
2 URSS 22
75%
4 République Tchèque 7
74%
10 Slovaquie 1
67%
5 Tchécoslovaquie 6
42%
9 Grande-Bretagne 1
23%
Aucun quiz correspondant
Distribution des résultats
% des personnes avec chaque résultat
Percentile par nombre de réponses
Votre historique - résultats
Vous n’avez pas pris ce quiz